000 00315nam a2200133Ia 4500
005 20251222155205.0
008 251222s9999||||xx |||||||||||||| ||spa||
082 _aREL.54.4
100 _aConf.Episcopal Per.
245 0 _aTemas selectos de clesiologĂ­a
250 _a1ra. ed.
264 _bNo tiene
942 _cLIB
999 _c40085
_d40085